Andy Warhol

Shranjeno v:
Bibliografske podrobnosti
Glavni avtor: Danto, Arthur Coleman (Author)
Format: Knjiga
Jezik:španščina
Izdano: Barcelona, España. Paidós, 2011
Serija:Paidós Estética, 51
Teme:
Online dostop:Disponible Online - Cap. 2
Oznake: Označite
Brez oznak, prvi označite!

MARC

LEADER 00000cam a2200000 a 4500
001 UCF1102
003 CL-VaPUC
005 20240513102126.0
008 120621e20110300SP |||||||||||||||||spa|d
999 |c 348071  |d 348069 
020 |a 9788449324970 
040 |c Pontificia Universidad Católica de Valparaíso 
082 0 4 |a 759.06 DAN 2011  |2 21 
100 0 |a Danto, Arthur Coleman  |e author  |9 501125 
245 1 0 |a Andy Warhol 
260 |a Barcelona, España.  |b Paidós,  |c 2011 
300 |a 171 páginas  
490 0 |a Paidós Estética,   |v  51 
583 |a last modification  |c 20120621 10:53:00  |k Rodrigo Vera 
600 0 |a Warhol, Andy   |2 CL-VaPUC  |9 559362  |d 1928-1987 
650 0 |a Arte pop  |9 267708  |x Crítica e interpretación  |z Estados Unidos 
856 |u https://bibliografiadigital.pucv.cl/index.php/bibliotecapucv/catalog/book/680  |y Disponible Online - Cap. 2 
942 |c BK  |2 ddc 
945 |d 20120621 00:00:00  |a dcastane 
952 |0 0  |1 0  |4 0  |6 759_060000000000000_DAN_2011  |7 0  |8 R  |9 449940  |a BIBART  |b BIBART  |d 2019-11-22  |i 4876148  |l 12  |o 759.06 DAN 2011  |p 4876148  |r 2025-03-13  |s 2023-09-04  |w 2019-11-22  |y BK_R  |k ART 
952 |0 0  |1 0  |4 0  |6 759_060000000000000_DAN_2011  |7 0  |8 R  |9 449941  |a BIBART  |b BIBART  |d 2019-11-22  |i 4883381  |l 6  |o 759.06 DAN 2011  |p 4883381  |r 2025-03-13  |s 2023-06-14  |w 2019-11-22  |y BK_R  |k ART